000 00535nam a22001577a 4500
999 _c534258
_d534258
020 _qHard Cover.
082 _a620.11
100 _aWaheed, Hizba
245 _aUtilization of Waste Carbon Dioxide for the Production of Different Useful Chemicals /
_cHizba Waheed
260 _aIslamabad:
_bSCME - NUST,
_c2012.
300 _a71 p. :
_bill. ;
_c30cm.
942 _2ddc
_cTHE
650 _aEnergatic Materials Engineering MS-Thesis.
_928343
700 _aDr .Arshad Hussain
_916435